[Event "FRA-chT2 0910"]
[Site "France"]
[Date "2010.01.24"]
[Round "7.7"]
[White "Tching Sin, Olivier"]
[Black "Meunier, Clement"]
[Result "1/2-1/2"]
[WhiteElo "2003"]
[BlackElo "1905"]
[PlyCount "82"]
[EventDate "2009.09.27"]
[EventType "team-tourn"]
[EventRounds "11"]
[EventCountry "FRA"]
[SourceTitle "EXT 2011"]
[Source "ChessBase"]
[SourceDate "2010.11.26"]
[SourceVersion "1"]
[SourceVersionDate "2010.11.26"]
[SourceQuality "1"]

1. e4 c5 2. Nf3 g6 3. d4 Bg7 4. Nc3 cxd4 5. Nxd4 d6 6. Bc4 Nf6 7. h3 0-0 8. Bb3 Nc6 9. Be3 Na5 10. 0-0 Nxb3 11. axb3 a6 12. f4 d5 13. e5 Ne8 14. Qf3 e6 15. g4 f6 16. Qg3 Nc7 17. h4 Kh8 18. Kg2 Bd7 19. Rh1 h5 20. Nce2 Be8 21. Ng1 fxe5 22. fxe5 hxg4 23. Qxg4 Bxe5 24. Ngf3 Bf6 25. Ng5 Qe7 26. Rh2 e5 27. Ndf3 d4 28. h5 gxh5 29. Bd2 Bg6 30. Rah1 Bg7 31. Rxh5+ Kg8 32. Ne4 Bxh5 33. Qxh5 Ne6 34. Nfg5 Nf4+ 35. Bxf4 Rxf4 36. Qh7+ Kf8 37. Qh8+ Bxh8 38. Rxh8+ Kg7 39. Rh7+ Kf8 40. Rh8+ Kg7 41. Rh7+ Kf8 1/2-1/2

[Event "FRA-chT2 0910"]
[Site "France"]
[Date "2009.10.18"]
[Round "3.7"]
[White "Tching Sin, Olivier"]
[Black "Labadie, Jean Jacques"]
[Result "1-0"]
[WhiteElo "2008"]
[BlackElo "2043"]
[PlyCount "67"]
[EventDate "2009.09.27"]
[EventType "team-tourn"]
[EventRounds "11"]
[EventCountry "FRA"]
[SourceTitle "EXT 2011"]
[Source "ChessBase"]
[SourceDate "2010.11.26"]
[SourceVersion "1"]
[SourceVersionDate "2010.11.26"]
[SourceQuality "1"]

1. e4 e6 2. d4 d5 3. e5 c5 4. c3 Nc6 5. Nf3 Qb6 6. a3 f6 7. b4 cxd4 8. cxd4 fxe5 9. dxe5 Nh6 10. Bd3 Nf7 11. 0-0 Be7 12. Nc3 Bd7 13. Re1 Ncd8 14. Be3 Qc7 15. Rc1 Qb8 16. Nb5 Bxb5 17. Bxb5+ Kf8 18. Qd4 g6 19. Rc3 a5 20. Rec1 axb4 21. axb4 Nc6 22. Bxc6 bxc6 23. Rxc6 Qxb4 24. Rxe6 Qxd4 25. Nxd4 Nd8 26. Rb6 Ra5 27. g3 Ke8 28. Nb5 Rf8 29. Rd1 Nc6 30. Rxd5 Ra1+ 31. Kg2 Nb4 32. Nd6+ Bxd6 33. Rdxd6 Nc2 34. Rb8+ 1-0

[Event "Rohde op 04th"]
[Site "Sautron "]
[Date "2004.11.01"]
[Round "6"]
[White "Tching Sin, Olivier"]
[Black "Fantin, Ludwig"]
[Result "1/2-1/2"]
[WhiteElo "2030"]
[BlackElo "2175"]
[PlyCount "38"]
[EventDate "2004.10.23"]
[EventType "swiss"]
[EventRounds "9"]
[EventCountry "FRA"]
[SourceTitle "EXT 2006"]
[Source "ChessBase"]
[SourceDate "2005.11.24"]
[SourceVersion "1"]
[SourceVersionDate "2005.11.24"]
[SourceQuality "1"]

1. e4 c5 2. Nf3 d6 3. d4 cxd4 4. Nxd4 Nf6 5. Nc3 a6 6. Bc4 e6 7. Bb3 Nc6 8. 0-0 Na5 9. f4 Nxb3 10. axb3 Qc7 11. Qf3 Be7 12. Be3 0-0 13. g4 Re8 14. g5 Nd7 15. Qh5 g6 16. Qh4 Bf8 17. Rf3 Bg7 18. Raf1 Nf8 19. f5 Be5 1/2-1/2